Lei dos juizados especiais anotada e interpretada Cv̕el - Criminal - Fazenda Pb︢lica /

Detalles Bibliográficos
Autor principal: Vancim, Adriano Roberto
Otros Autores: Junqueira Gonȧlves, Jos ̌Eduardo
Formato: eBook
Lenguaje:portugués
Publicado: San Pablo: Editora Mundo Jurd̕ico, 2016
Materias:
Acceso en línea:Acceso restringido

MARC

LEADER 00000nam a22000007a 4500
005 20190909235822.0
007 cr|||| ||||
008 190910s2016 br |||||s|||| 00||0 por d
020 |a 978-85-8085-086-4 
035 |a 30214 
040 |a vLex 
090 |c 9446  |d 9446 
100 1 |a Vancim, Adriano Roberto 
245 1 0 |a Lei dos juizados especiais anotada e interpretada  |h [Recurso electrn̤ico] :  |b Cv̕el - Criminal - Fazenda Pb︢lica /  |c Adriano Roberto Vancim, Jos ̌Eduardo Junqueira Gonȧlves 
256 |a Servicio en ln̕ea 
260 |a San Pablo:  |b Editora Mundo Jurd̕ico,  |c 2016 
300 |a 1 recurso electrn̤ico 
500 |a No momento em que todos os aplicadores do direito voltam seus olhos para o novo Cd̤igo de Processo Civil, ̌imperioso reforȧr a autonomia processual dos Juizados Especiais ̉luz da novel legislaȯ̂. Para isto, nada mais abalizado do que se deixar nortear pelas palavras da prp̤ria Ministra Nancy Andrighi ao dissertar que “nô h ̀espaȯ para a aplicaȯ̂ subsidir̀ia do Cd̤igo de Processo Civil aos Juizados Especiais, porque os Juizados Especiais, por determinaȯ̂ idealizada do Legislador, instituiu soluė̳s prp̤rias para as hipt̤eses nô abarcadas expressamente pela Lei 9.099/95”. 
506 1 |a Disponible solo en los productos indicados  |d vLex Global  |d vLex Global (Academic Edition, excluding Law Schools)  |d vLex Global (U.S. Academic Edition, Law Schools)  |d vLex Global (U.S. Academic Edition, excluding Law Schools)  |d vLex Global (Academic Edition, Law Schools) 
650 0 4 |a Derecho Civil  |z Brasil 
700 1 |a Junqueira Gonȧlves, Jos ̌Eduardo 
740 0 |a vLex Libros (Servicio en ln̕ea) 
856 4 0 |u http://vlex.com/source/lei-dos-juizados-especiais-anotada-e-interpretada-civel-criminal-fazenda-publica-30214  |z Acceso restringido 
942 |c BOOK 
999 0 |a Civil Law